| 000 | 00653nam a2200217 u 4500 | ||
|---|---|---|---|
| 005 | 20230316063542.0 | ||
| 008 | 110826s2006 br r 000 0 spa d | ||
| 020 | _a8536800992 | ||
| 035 | _aUPN01000181560 | ||
| 049 | _aI | ||
| 050 | 4 |
_aQB46 _bC6.8 |
|
| 100 | 1 |
_aCorradini, Ana Paula _933499 |
|
| 245 | 1 | 0 |
_aUniverso : _bun viaje al espacio / _cAna Paula Corradini. |
| 260 |
_aSao Paulo : _bDCL, _c2006. |
||
| 300 |
_a47 p. : _bil. col. |
||
| 440 | 0 | _aTodo sobre | |
| 650 | 4 |
_aAstronomÃa _vLiteratura juvenil _98515 |
|
| 650 | 4 |
_aESTRELLAS - _vLITERATURA JUVENIL _917895 |
|
| 650 | 4 |
_aSISTEMA SOLAR - _vLITERATURA JUVENIL _912527 |
|
| 905 | _aInfantil | ||
| 999 |
_c153663 _d153663 |
||